Obálka Náhled e-knihy:
PDF
Pro půjčování e-knih musíte být přihlášeni.
Jak si půjčit online?

Zara a jej Záchranná zoo - Utárané tigríča /

Zara miluje život v Záchrannej zoo, pretože sa v nej stále deje niečo vzrušujúce. Navyše má jedno úžasné tajomstvo… dokáže sa rozprávať so zvieratami! Zoo strýka Horácia sa opäť rozrástla o nový prírastok a Zara je nadšená. Rozkošný malý tigrík sa má k svetu a najšťastnejší je, keď sa má s kým rozpr...

Celý popis

Uloženo v:
Hlavní autor: Cobb, Amelia (Autor)
Médium: E-kniha
Jazyk:Czech
Vydáno: Praha : Albatros Media Slovakia s.r.o., 2026
Tagy:
Žádné tagy
LEADER 01473nam a22002297i 4500
001 302754
007 ta
008 260514s2026 xr ||||| |||| 00| 0 cze d
020 |a 9788056651674 
044 |a xr 
100 1 |a  Cobb, Amelia  |4 aut 
245 1 0 |a Zara a jej Záchranná zoo - Utárané tigríča /  |c  Cobb, Amelia 
240 1 0 |a Zoe´s Rescue ZOO - The Talkative Tiger 
264 1 |a Praha :  |b Albatros Media Slovakia s.r.o.,  |c 2026 
300 |a 1 online zdroj (112 stran) 
336 |a text  |b txt  |2 rdacontent 
337 |a bez média  |b n  |2 rdamedia 
338 |a online zdroj  |b cr  |2 rdacarrier 
520 2 |a Zara miluje život v Záchrannej zoo, pretože sa v nej stále deje niečo vzrušujúce. Navyše má jedno úžasné tajomstvo… dokáže sa rozprávať so zvieratami! Zoo strýka Horácia sa opäť rozrástla o nový prírastok a Zara je nadšená. Rozkošný malý tigrík sa má k svetu a najšťastnejší je, keď sa má s kým rozprávať. Jazyk sa mu doslova nezastaví, a to ani v noci, keď chcú ostatné zvieratá spať. Podarí sa Zare vymyslieť spôsob, ako všetkým pomôcť? 
910 |a RBIT002 
998 |d 427012  |a https://core.palmknihy.cz/api/books/427012/cover?tesgin  |b https://core.palmknihy.cz/api/books/427012/cover/400?tesgin  |c https://core.palmknihy.cz/api/books/427012/cover/50?tesgin  |e 2029-10-16  |g 112  |i 9788056651674  |k https://core.palmknihy.cz/api/books/427012/preview.pdf  |l   |q 49  |r 1  |s https://www.palmknihy.cz/kniha/427012  |t ebook  |y 2026  |z 1 
999 |d 302752